|
|
|
|
| LEADER |
01167nam a2200289 a 4500 |
| 001 |
4228 |
| 003 |
BD-DhAAL |
| 005 |
20150609121650.0 |
| 008 |
150609s1999 ii b 001 0 eng |
| 010 |
|
|
|a 99940485
|
| 020 |
|
|
|a 8174762647 (jacket)
|
| 040 |
|
|
|a DLC
|c DLC
|d DLC
|d BD-DhAAL
|
| 050 |
0 |
0 |
|a HM101
|b .R533 1999
|
| 082 |
0 |
0 |
|a 303.4
|2 21
|
| 100 |
1 |
|
|a Rivers, John,
|d 1945-
|9 11846
|
| 245 |
1 |
0 |
|a Twentieth century growth theories /
|c John Rivers.
|
| 260 |
|
|
|a New Delhi :
|b UBS Publishers Distributors ;
|a Pune :
|b Distributors for Western India, Preface Books,
|c 1999.
|
| 300 |
|
|
|a xix, 266 p. ;
|c 22 cm.
|
| 504 |
|
|
|a Includes bibliographical references (p. 233-257) and indexes.
|
| 541 |
|
|
|e 4228
|
| 650 |
|
0 |
|a Social change.
|9 11847
|
| 650 |
|
0 |
|a Social ecology.
|9 11848
|
| 650 |
|
0 |
|a Economic development.
|9 11849
|
| 942 |
|
|
|2 ddc
|c BK
|
| 999 |
|
|
|c 34665
|d 34665
|
| 952 |
|
|
|0 0
|1 0
|2 ddc
|4 0
|6 303_400000000000000_RIV
|7 0
|9 54190
|a SCL
|b SCL
|c GEN
|d 2015-06-09
|g 588.00
|l 0
|o 303.4 RIV
|p 3020004228
|r 2015-06-09
|t 1
|w 2015-06-09
|y BK
|
| 952 |
|
|
|0 0
|1 0
|2 ddc
|4 0
|6 303_400000000000000_RIV
|7 0
|9 54221
|a SCL
|b SCL
|c GEN
|d 2015-06-10
|g 533.00
|l 0
|o 303.4 RIV
|p 3020004532
|r 2015-06-10
|t 2
|w 2015-06-10
|y BK
|